000 01371cam a2200397 a 4500
003 OCoLC
005 20241220115406.0
008 050805s2006 nyu 000 1 eng
001 ocm61285702
010 _a 2005051946
020 _a0385336691
024 3 _a9780385336697
035 _a(Sirsi) i9780385336697
040 _aDLC
_cDLC
_dBAKER
_dC#P
_dVP@
_dUINTA
043 _an-us-ny
049 _aUCLB
050 0 0 _aPS3553.H4838
_bH37 2006
082 0 0 _a813/.54
_222
092 _aCHILD
100 1 _aChild, Lee.
_944627
245 1 4 _aThe hard way :
_ba Jack Reacher novel /
_cLee Child.
260 _aNew York :
_bDelacorte Press,
_c2006.
300 _a371 p. ;
_c24 cm.
650 0 _aReacher, Jack (Fictitious character)
_vFiction.
_95674707
650 0 _aEx-police officers
_vFiction.
_95674708
650 0 _aMercenary troops
_vFiction.
_95695813
651 0 _aNew York (N.Y.)
_vFiction.
_95673704
650 0 _aKidnapping
_vFiction.
_95673693
655 0 _aSuspense fiction.
_96162489
938 _aBaker & Taylor
_bBKTY
_c25.00
_d18.75
_i0385336691
_n0006572564
_sactive
942 _cBOOK
_0232
994 _aC0
_bUINTA
856 4 2 _3Contributor biographical information
_uhttp://www.loc.gov/catdir/enhancements/fy0625/2005051946-b.html
856 4 2 _3Publisher description
_uhttp://www.loc.gov/catdir/enhancements/fy0625/2005051946-d.html
998 _aa92053
999 _c40511
_d40511